[Event "Team Championship of Russia (rapid)"]
[Site "Sochi"]
[Date "2015.05.09"]
[Round "8.21"]
[White "Reshetnikov, Alexey"]
[Black "Yudin, Sergei"]
[Result "1-0"]
[LiveChessVersion "1.4.4"]
[BlackElo "2642"]
[WhiteElo "2390"]
[BlackTeam "Polytechnic"]
[WhiteTeam "Our heritage - Junior"]

1. Nf3 {[%clk 0:15:18]} e6 {[%clk 0:15:19]} 2. c4 {[%clk 0:15:24]} d5
{[%clk 0:15:27]} 3. d4 {[%clk 0:15:33]} c6 {[%clk 0:15:36]} 4. e3
{[%clk 0:15:38]} Bd6 {[%clk 0:15:44]} 5. Nc3 {[%clk 0:15:46]} f5 {[%clk 0:15:53]}
6. Ne5 {[%clk 0:15:54]} Nf6 {[%clk 0:16:01]} 7. f4 {[%clk 0:16:03]} O-O
{[%clk 0:16:09]} 8. Be2 {[%clk 0:16:12]} b6 {[%clk 0:16:17]} 9. O-O
{[%clk 0:16:19]} Bb7 {[%clk 0:16:25]} 10. b3 {[%clk 0:14:07]} Nbd7
{[%clk 0:16:20]} 11. Bb2 {[%clk 0:14:13]} Rc8 {[%clk 0:16:18]} 12. Rc1
{[%clk 0:13:54]} c5 {[%clk 0:15:50]} 13. Bf3 {[%clk 0:12:27]} Ne4
{[%clk 0:15:06]} 14. Nxe4 {[%clk 0:12:31]} dxe4 {[%clk 0:14:44]} 15. Be2
{[%clk 0:11:20]} cxd4 {[%clk 0:14:49]} 16. Nxd7 {[%clk 0:10:37]} Qxd7
{[%clk 0:14:57]} 17. Bxd4 {[%clk 0:10:43]} Qe7 {[%clk 0:14:48]} 18. Qd2
{[%clk 0:10:21]} Rcd8 {[%clk 0:14:40]} 19. Qc3 {[%clk 0:10:12]} Bb4
{[%clk 0:14:44]} 20. Qa1 {[%clk 0:10:14]} Bc5 {[%clk 0:14:37]} 21. Rcd1
{[%clk 0:10:19]} Bxd4 {[%clk 0:14:45]} 22. Rxd4 {[%clk 0:10:27]} Rxd4
{[%clk 0:14:54]} 23. Qxd4 {[%clk 0:10:31]} Rd8 {[%clk 0:15:02]} 24. Qc3
{[%clk 0:10:33]} g5 {[%clk 0:13:51]} 25. fxg5 {[%clk 0:09:11]} Qxg5
{[%clk 0:13:55]} 26. Rd1 {[%clk 0:09:17]} Rxd1+ {[%clk 0:14:00]} 27. Bxd1
{[%clk 0:09:26]} e5 {[%clk 0:12:00]} 28. Qxe5 {[%clk 0:08:35]} Qxe3+
{[%clk 0:12:08]} 29. Kf1 {[%clk 0:08:43]} Qd3+ {[%clk 0:11:52]} 30. Be2
{[%clk 0:08:49]} Qd7 {[%clk 0:11:59]} 31. Kf2 {[%clk 0:08:10]} Bc6
{[%clk 0:11:27]} 32. g3 {[%clk 0:07:14]} h6 {[%clk 0:10:07]} 33. Qf6
{[%clk 0:06:27]} Kh7 {[%clk 0:09:55]} 34. h4 {[%clk 0:06:17]} e3+
{[%clk 0:07:30]} 35. Kxe3 {[%clk 0:06:13]} Qe8+ {[%clk 0:07:38]} 36. Kd2
{[%clk 0:05:55]} Be4 {[%clk 0:07:37]} 37. Kc3 {[%clk 0:05:29]} Qd7
{[%clk 0:07:37]} 38. Qe5 {[%clk 0:05:21]} Bb1 {[%clk 0:07:26]} 39. h5
{[%clk 0:04:43]} Qd8 {[%clk 0:07:06]} 40. c5 {[%clk 0:03:22]} bxc5
{[%clk 0:06:59]} 41. Qxc5 {[%clk 0:03:02]} Qh8+ {[%clk 0:06:51]} 42. Kb4
{[%clk 0:02:59]} Qb8+ {[%clk 0:06:58]} 43. Ka3 {[%clk 0:02:56]} Qxg3
{[%clk 0:06:26]} 44. Qxa7+ {[%clk 0:03:05]} Kh8 {[%clk 0:06:31]} 45. Qa8+
{[%clk 0:03:10]} Kg7 {[%clk 0:06:37]} 46. Qb7+ {[%clk 0:03:09]} Kf6
{[%clk 0:06:44]} 47. Qc6+ {[%clk 0:03:15]} Kg7 {[%clk 0:06:36]} 48. Qd7+
{[%clk 0:03:18]} Kf6 {[%clk 0:06:42]} 49. Qd8+ {[%clk 0:03:21]} Kg7
{[%clk 0:06:44]} 50. Qe7+ {[%clk 0:03:25]} Kh8 {[%clk 0:06:50]} 51. Qd8+
{[%clk 0:03:15]} Kh7 {[%clk 0:06:58]} 52. Qe7+ {[%clk 0:03:20]} Kh8
{[%clk 0:07:07]} 53. Bc4 {[%clk 0:03:09]} Qg1 {[%clk 0:06:29]} 54. Kb2
{[%clk 0:02:33]} Be4 {[%clk 0:06:32]} 55. Qf8+ {[%clk 0:02:34]} Kh7
{[%clk 0:06:40]} 56. Qf7+ {[%clk 0:02:42]} Kh8 {[%clk 0:06:49]} 57. Qf6+
{[%clk 0:02:50]} Kh7 {[%clk 0:06:57]} 58. Qe7+ {[%clk 0:02:56]} Kh8
{[%clk 0:07:06]} 59. a4 {[%clk 0:02:17]} Qb1+ {[%clk 0:06:52]} 60. Ka3
{[%clk 0:02:18]} Qc1+ {[%clk 0:07:00]} 61. Kb4 {[%clk 0:02:25]} Qe1+
{[%clk 0:07:08]} 62. Kc5 {[%clk 0:02:19]} Qa5+ {[%clk 0:06:23]} 63. Kd6
{[%clk 0:02:05]} Qd2+ {[%clk 0:05:01]} 64. Ke6 {[%clk 0:01:47]} Qg2
{[%clk 0:04:35]} 65. Qf8+ {[%clk 0:01:39]} Kh7 {[%clk 0:04:43]} 66. a5
{[%clk 0:01:33]} Qg3 {[%clk 0:04:20]} 67. Qf7+ {[%clk 0:01:24]} Kh8
{[%clk 0:04:29]} 68. Qf6+ {[%clk 0:01:30]} Kh7 {[%clk 0:04:37]} 69. Qg6+
{[%clk 0:00:27]} 1-0

[Event "Team Championship of Russia (rapid)"]
[Site "Sochi"]
[Date "2015.05.09"]
[Round "8.22"]
[White "Goganov, Aleksey"]
[Black "Vavulin, Maksim"]
[Result "1-0"]
[LiveChessVersion "1.4.4"]
[BlackElo "2307"]
[WhiteElo "2500"]
[BlackTeam "Our heritage - Junior"]
[WhiteTeam "Polytechnic"]

1. Nf3 {[%clk 0:15:18]} Nf6 {[%clk 0:14:56]} 2. g3 {[%clk 0:15:27]} b6
{[%clk 0:15:03]} 3. Bg2 {[%clk 0:15:34]} Bb7 {[%clk 0:15:09]} 4. O-O
{[%clk 0:15:42]} g6 {[%clk 0:14:17]} 5. d4 {[%clk 0:15:46]} c5 {[%clk 0:14:16]}
6. c4 {[%clk 0:15:01]} cxd4 {[%clk 0:14:17]} 7. Qxd4 {[%clk 0:15:08]} Bg7
{[%clk 0:14:22]} 8. Nc3 {[%clk 0:15:14]} d6 {[%clk 0:14:27]} 9. b3
{[%clk 0:15:06]} Nbd7 {[%clk 0:14:13]} 10. Bb2 {[%clk 0:15:03]} Rc8
{[%clk 0:14:02]} 11. Nd5 {[%clk 0:14:56]} O-O {[%clk 0:13:44]} 12. Rac1
{[%clk 0:15:00]} a6 {[%clk 0:13:26]} 13. Ng5 {[%clk 0:14:10]} h6 {[%clk 0:07:28]}
14. Ne4 {[%clk 0:13:56]} Nh5 {[%clk 0:06:52]} 15. Qd2 {[%clk 0:13:58]} Bxb2
{[%clk 0:06:47]} 16. Qxb2 {[%clk 0:14:06]} b5 {[%clk 0:06:37]} 17. Qd2
{[%clk 0:13:37]} Kh7 {[%clk 0:06:28]} 18. cxb5 {[%clk 0:13:28]} axb5
{[%clk 0:06:30]} 19. Rxc8 {[%clk 0:13:28]} Bxc8 {[%clk 0:06:38]} 20. Qb4
{[%clk 0:12:45]} Ba6 {[%clk 0:06:30]} 21. Rc1 {[%clk 0:12:44]} f5
{[%clk 0:06:30]} 22. Nxd6 {[%clk 0:09:57]} exd6 {[%clk 0:06:20]} 23. Qxd6
{[%clk 0:10:04]} Nb8 {[%clk 0:04:49]} 24. Rc7+ {[%clk 0:09:41]} Ng7
{[%clk 0:04:58]} 25. Qb6 {[%clk 0:06:50]} b4 {[%clk 0:02:16]} 26. Bf3
{[%clk 0:06:52]} h5 {[%clk 0:01:48]} 27. Ne7 {[%clk 0:04:14]} Qe8
{[%clk 0:01:39]} 28. Qxb4 {[%clk 0:04:03]} Rf6 {[%clk 0:00:39]} 29. Nd5
{[%clk 0:03:46]} Rf7 {[%clk 0:00:32]} 30. Rxf7 {[%clk 0:03:44]} Qxf7
{[%clk 0:00:39]} 31. Qxb8 {[%clk 0:03:47]} Bxe2 {[%clk 0:00:42]} 32. Bxe2
{[%clk 0:03:54]} Qxd5 {[%clk 0:00:50]} 33. Bc4 {[%clk 0:04:00]} Qd4
{[%clk 0:00:38]} 34. Qg8+ {[%clk 0:04:01]} Kh6 {[%clk 0:00:47]} 35. h4
{[%clk 0:03:29]} g5 {[%clk 0:00:54]} 36. hxg5+ {[%clk 0:03:12]} Kxg5
{[%clk 0:01:02]} 37. Qd5 {[%clk 0:03:16]} Qa1+ {[%clk 0:00:49]} 38. Kg2
{[%clk 0:03:24]} Qxa2 {[%clk 0:00:52]} 39. Qd8+ {[%clk 0:03:03]} Kg6
{[%clk 0:00:39]} 40. Qd6+ {[%clk 0:03:09]} Kh7 {[%clk 0:00:41]} 41. Bf7
{[%clk 0:03:15]} Qa8+ {[%clk 0:00:24]} 42. Kh2 {[%clk 0:03:21]} 1-0

[Event "Team Championship of Russia (rapid)"]
[Site "Sochi"]
[Date "2015.05.09"]
[Round "8.23"]
[White "Savenkov, Konstantin"]
[Black "Krutko, Anatoly"]
[Result "0-1"]
[LiveChessVersion "1.4.4"]
[BlackElo "2486"]
[WhiteElo "2278"]
[WhiteTeam "Our heritage - Junior"]

1. e4 {[%clk 0:15:19]} c5 {[%clk 0:15:19]} 2. Nf3 {[%clk 0:15:28]} e6
{[%clk 0:15:28]} 3. d3 {[%clk 0:15:29]} d5 {[%clk 0:15:18]} 4. Nbd2
{[%clk 0:15:38]} Nc6 {[%clk 0:15:18]} 5. g3 {[%clk 0:15:46]} Nf6 {[%clk 0:15:24]}
6. Bg2 {[%clk 0:15:55]} Be7 {[%clk 0:15:28]} 7. O-O {[%clk 0:16:00]} Qc7
{[%clk 0:14:07]} 8. Re1 {[%clk 0:15:56]} b6 {[%clk 0:13:11]} 9. Nf1
{[%clk 0:13:04]} dxe4 {[%clk 0:12:45]} 10. dxe4 {[%clk 0:13:12]} Ba6
{[%clk 0:12:52]} 11. c3 {[%clk 0:12:55]} O-O {[%clk 0:12:26]} 12. e5
{[%clk 0:11:08]} Nd5 {[%clk 0:12:24]} 13. Qc2 {[%clk 0:09:41]} Rad8
{[%clk 0:12:06]} 14. Bg5 {[%clk 0:08:48]} h6 {[%clk 0:11:13]} 15. Bxe7
{[%clk 0:08:43]} Ndxe7 {[%clk 0:11:21]} 16. Qe4 {[%clk 0:05:26]} Bd3
{[%clk 0:09:06]} 17. Qe3 {[%clk 0:04:38]} c4 {[%clk 0:08:07]} 18. h4
{[%clk 0:04:22]} Nf5 {[%clk 0:07:49]} 19. Qc1 {[%clk 0:04:09]} b5
{[%clk 0:06:04]} 20. h5 {[%clk 0:03:38]} f6 {[%clk 0:04:28]} 21. exf6
{[%clk 0:03:25]} Rxf6 {[%clk 0:04:37]} 22. N1h2 {[%clk 0:03:17]} e5
{[%clk 0:04:11]} 23. Ng4 {[%clk 0:03:12]} Re6 {[%clk 0:04:21]} 24. Ne3
{[%clk 0:02:45]} Nfe7 {[%clk 0:04:30]} 25. a4 {[%clk 0:01:51]} a6
{[%clk 0:04:11]} 26. axb5 {[%clk 0:01:45]} axb5 {[%clk 0:04:20]} 27. Nd2
{[%clk 0:01:22]} e4 {[%clk 0:04:08]} 28. b3 {[%clk 0:01:31]} cxb3
{[%clk 0:03:30]} 29. Nxb3 {[%clk 0:01:21]} Kh8 {[%clk 0:03:18]} 30. Ng4
{[%clk 0:01:06]} Nf5 {[%clk 0:02:46]} 31. Nc5 {[%clk 0:01:13]} Re7
{[%clk 0:02:42]} 32. Qb2 {[%clk 0:00:28]} Ne5 {[%clk 0:01:01]} 33. Nxe5
{[%clk 0:00:30]} Rxe5 {[%clk 0:01:10]} 34. Na6 {[%clk 0:00:19]} Qb6
{[%clk 0:00:35]} 35. Nb4 {[%clk 0:00:28]} Nd6 {[%clk 0:00:27]} 36. Ra6
{[%clk 0:00:18]} Qb7 {[%clk 0:00:37]} 37. Qa2 {[%clk 0:00:19]} Bc4
{[%clk 0:00:36]} 38. Qa1 {[%clk 0:00:22]} Rxh5 {[%clk 0:00:40]} 39. Nc6
{[%clk 0:00:18]} Rf8 {[%clk 0:00:49]} 40. Nd4 {[%clk 0:00:20]} Qf7
{[%clk 0:00:40]} 41. Qb2 {[%clk 0:00:29]} Qd5 {[%clk 0:00:40]} 42. Ra7
{[%clk 0:00:22]} Rg5 {[%clk 0:00:40]} 43. Rd7 {[%clk 0:00:23]} Qc5
{[%clk 0:00:25]} 44. Qd2 {[%clk 0:00:13]} Rf6 {[%clk 0:00:19]} 45. Rd8+
{[%clk 0:00:18]} Kh7 {[%clk 0:00:28]} 46. Qe3 {[%clk 0:00:17]} Bd3
{[%clk 0:00:36]} 47. Qd2 {[%clk 0:00:12]} b4 {[%clk 0:00:37]} 48. Rc1
{[%clk 0:00:18]} bxc3 {[%clk 0:00:16]} 49. Qxc3 {[%clk 0:00:27]} Qe5
{[%clk 0:00:22]} 50. Nb3 {[%clk 0:00:21]} Qf5 {[%clk 0:00:25]} 51. Qc5
{[%clk 0:00:15]} Qe6 {[%clk 0:00:21]} 52. Qb6 {[%clk 0:00:16]} e3
{[%clk 0:00:16]} 0-1

[Event "Team Championship of Russia (rapid)"]
[Site "Sochi"]
[Date "2015.05.09"]
[Round "8.24"]
[White "Pogromsky, Mikhail"]
[Black "Shuvalova, Polina"]
[Result "1-0"]
[LiveChessVersion "1.4.4"]
[BlackElo "2269"]
[WhiteElo "2428"]
[BlackTeam "Our heritage - Junior"]
[WhiteTeam "Polytechnic"]

1. Nf3 {[%clk 0:15:18]} Nf6 {[%clk 0:15:18]} 2. c4 {[%clk 0:15:27]} g6
{[%clk 0:15:27]} 3. Nc3 {[%clk 0:15:36]} Bg7 {[%clk 0:15:35]} 4. d4
{[%clk 0:15:46]} O-O {[%clk 0:15:42]} 5. h3 {[%clk 0:15:55]} d6 {[%clk 0:15:11]}
6. Bg5 {[%clk 0:16:03]} c5 {[%clk 0:13:58]} 7. d5 {[%clk 0:16:12]} Qa5
{[%clk 0:12:42]} 8. Nd2 {[%clk 0:16:21]} e6 {[%clk 0:11:57]} 9. e3
{[%clk 0:16:14]} exd5 {[%clk 0:10:04]} 10. cxd5 {[%clk 0:16:18]} b5
{[%clk 0:08:41]} 11. a4 {[%clk 0:14:45]} Qb4 {[%clk 0:04:52]} 12. Qc1
{[%clk 0:09:09]} Bb7 {[%clk 0:04:24]} 13. Bxf6 {[%clk 0:09:13]} Bxf6
{[%clk 0:04:32]} 14. axb5 {[%clk 0:09:21]} Qh4 {[%clk 0:03:30]} 15. Ra4
{[%clk 0:08:44]} Qh6 {[%clk 0:03:39]} 16. Nc4 {[%clk 0:07:42]} Nd7
{[%clk 0:03:14]} 17. Nxd6 {[%clk 0:06:57]} Nb6 {[%clk 0:02:38]} 18. Rf4
{[%clk 0:05:32]} Bxc3+ {[%clk 0:02:46]} 19. bxc3 {[%clk 0:05:40]} Bxd5
{[%clk 0:02:48]} 20. Ne4 {[%clk 0:04:30]} f5 {[%clk 0:02:21]} 21. Nxc5
{[%clk 0:03:49]} Rac8 {[%clk 0:02:30]} 22. Na4 {[%clk 0:03:56]} Be4
{[%clk 0:01:56]} 23. Nxb6 {[%clk 0:03:42]} axb6 {[%clk 0:02:04]} 24. Qb2
{[%clk 0:03:08]} g5 {[%clk 0:02:02]} 25. Rxe4 {[%clk 0:03:16]} fxe4
{[%clk 0:02:09]} 26. Be2 {[%clk 0:03:16]} Qf6 {[%clk 0:02:14]} 27. O-O
{[%clk 0:03:23]} Qxc3 {[%clk 0:02:00]} 28. Qa2+ {[%clk 0:03:32]} Kg7
{[%clk 0:01:52]} 29. Qe6 {[%clk 0:03:25]} Qb2 {[%clk 0:01:02]} 30. Bc4
{[%clk 0:03:14]} Rce8 {[%clk 0:00:26]} 31. Qxb6 {[%clk 0:03:15]} Qb4
{[%clk 0:00:17]} 32. Qd4+ {[%clk 0:02:42]} Kh6 {[%clk 0:00:25]} 33. Ra1
{[%clk 0:02:27]} Qe7 {[%clk 0:00:14]} 34. Ra6+ {[%clk 0:02:27]} Kh5
{[%clk 0:00:20]} 35. Be2+ {[%clk 0:02:32]} g4 {[%clk 0:00:24]} 36. Bxg4+
{[%clk 0:02:12]} Kg5 {[%clk 0:00:33]} 37. Rc6 {[%clk 0:02:05]} Rd8
{[%clk 0:00:31]} 38. Rc5+ {[%clk 0:01:30]} Kg6 {[%clk 0:00:30]} 39. Rd5
{[%clk 0:01:30]} Rxd5 {[%clk 0:00:31]} 40. Qxd5 {[%clk 0:01:39]} Qf6
{[%clk 0:00:29]} 41. Qxe4+ {[%clk 0:01:47]} Kg7 {[%clk 0:00:38]} 42. Bf3
{[%clk 0:01:49]} Qb2 {[%clk 0:00:41]} 43. Qe7+ {[%clk 0:01:34]} Rf7
{[%clk 0:00:48]} 44. Qg5+ {[%clk 0:01:43]} Kf8 {[%clk 0:00:55]} 45. Qd8+
{[%clk 0:01:20]} Kg7 {[%clk 0:01:04]} 46. Qg5+ {[%clk 0:01:05]} Kf8
{[%clk 0:01:10]} 47. Qc5+ {[%clk 0:01:14]} Kg7 {[%clk 0:01:13]} 48. b6
{[%clk 0:01:17]} Qb1+ {[%clk 0:00:34]} 49. Kh2 {[%clk 0:01:25]} Qb2
{[%clk 0:00:40]} 50. b7 {[%clk 0:01:12]} Rxf3 {[%clk 0:00:38]} 51. Qg5+
{[%clk 0:01:04]} Kf8 {[%clk 0:00:23]} 52. gxf3 {[%clk 0:01:05]} Qxb7
{[%clk 0:00:22]} 53. Qf4+ {[%clk 0:01:13]} Kg8 {[%clk 0:00:28]} 54. h4
{[%clk 0:01:22]} Qb2 {[%clk 0:00:33]} 55. Qg3+ {[%clk 0:01:31]} Kf8
{[%clk 0:00:42]} 56. f4 {[%clk 0:01:22]} Qc2 {[%clk 0:00:43]} 57. Qf3
{[%clk 0:01:29]} Qb2 {[%clk 0:00:49]} 58. f5 {[%clk 0:01:33]} Kf7
{[%clk 0:00:58]} 59. Qf4 {[%clk 0:01:33]} Qa1 {[%clk 0:00:54]} 60. h5
{[%clk 0:01:30]} Qd1 {[%clk 0:00:56]} 61. h6 {[%clk 0:01:37]} Qh5+
{[%clk 0:00:58]} 62. Kg2 {[%clk 0:01:45]} Kf6 {[%clk 0:00:48]} 63. Qd4+
{[%clk 0:01:35]} Kg5 {[%clk 0:00:44]} 64. f4+ {[%clk 0:01:12]} Kh4
{[%clk 0:00:32]} 65. Qf6+ {[%clk 0:01:17]} 1-0

[Event "Team Championship of Russia (rapid)"]
[Site "Sochi"]
[Date "2015.05.09"]
[Round "8.25"]
[White "Golubov, Saveliy"]
[Black "Triapishko, Olexandr"]
[Result "1/2-1/2"]
[LiveChessVersion "1.4.4"]
[BlackElo "2544"]
[WhiteElo "2440"]
[BlackTeam "Crimea"]
[WhiteTeam "SHK Rakita"]

1. b3 {[%clk 0:15:18]} e5 {[%clk 0:14:29]} 2. Bb2 {[%clk 0:15:27]} Nc6
{[%clk 0:14:38]} 3. e3 {[%clk 0:15:36]} Nf6 {[%clk 0:14:01]} 4. Bb5
{[%clk 0:15:44]} Bd6 {[%clk 0:14:08]} 5. Na3 {[%clk 0:15:52]} Na5
{[%clk 0:13:59]} 6. Be2 {[%clk 0:16:01]} a6 {[%clk 0:13:38]} 7. c4
{[%clk 0:16:10]} O-O {[%clk 0:13:15]} 8. Rc1 {[%clk 0:15:07]} Re8
{[%clk 0:12:18]} 9. Nc2 {[%clk 0:14:45]} Nc6 {[%clk 0:10:59]} 10. d3
{[%clk 0:14:40]} Bf8 {[%clk 0:11:02]} 11. Nf3 {[%clk 0:14:39]} d5
{[%clk 0:10:54]} 12. cxd5 {[%clk 0:14:47]} Nxd5 {[%clk 0:11:00]} 13. O-O
{[%clk 0:14:49]} a5 {[%clk 0:10:38]} 14. a3 {[%clk 0:14:58]} f6 {[%clk 0:10:27]}
15. Qe1 {[%clk 0:12:47]} Be6 {[%clk 0:09:29]} 16. d4 {[%clk 0:12:45]} e4
{[%clk 0:07:52]} 17. Nd2 {[%clk 0:12:54]} f5 {[%clk 0:06:26]} 18. f3
{[%clk 0:12:34]} exf3 {[%clk 0:06:30]} 19. Bxf3 {[%clk 0:11:55]} a4
{[%clk 0:05:30]} 20. b4 {[%clk 0:11:43]} g6 {[%clk 0:05:03]} 21. Qf2
{[%clk 0:10:43]} Bg7 {[%clk 0:04:36]} 22. Rce1 {[%clk 0:09:08]} Nb6
{[%clk 0:03:16]} 23. Qe2 {[%clk 0:05:51]} Qd7 {[%clk 0:02:54]} 24. Kh1
{[%clk 0:05:40]} Bb3 {[%clk 0:01:27]} 25. Qd3 {[%clk 0:04:57]} Ne5
{[%clk 0:01:26]} 26. Qc3 {[%clk 0:04:56]} Nxf3 {[%clk 0:01:19]} 27. Rxf3
{[%clk 0:04:30]} Nd5 {[%clk 0:01:24]} 28. Qd3 {[%clk 0:04:38]} Bxc2
{[%clk 0:01:25]} 29. Qxc2 {[%clk 0:04:45]} Ra6 {[%clk 0:01:11]} 30. e4
{[%clk 0:03:58]} fxe4 {[%clk 0:01:08]} 31. Rxe4 {[%clk 0:04:00]} Rae6
{[%clk 0:01:10]} 32. h3 {[%clk 0:03:45]} Bh6 {[%clk 0:00:56]} 33. Rxe6
{[%clk 0:02:33]} Qxe6 {[%clk 0:01:05]} 34. Nf1 {[%clk 0:02:31]} b5
{[%clk 0:00:46]} 35. Bc1 {[%clk 0:01:33]} Bg7 {[%clk 0:00:35]} 36. Qc5
{[%clk 0:01:37]} c6 {[%clk 0:00:41]} 37. Ne3 {[%clk 0:01:40]} Qe4
{[%clk 0:00:26]} 38. Qxc6 {[%clk 0:01:04]} Nxe3 {[%clk 0:00:21]} 39. Qxe4
{[%clk 0:01:11]} Rxe4 {[%clk 0:00:30]} 40. Bxe3 {[%clk 0:01:14]} Bxd4
{[%clk 0:00:31]} 41. Bxd4 {[%clk 0:01:23]} Rxd4 {[%clk 0:00:40]} 42. Kh2
{[%clk 0:01:20]} Kg7 {[%clk 0:00:39]} 43. Kg3 {[%clk 0:01:28]} h5
{[%clk 0:00:41]} 44. Rc3 {[%clk 0:01:36]} Rd2 {[%clk 0:00:20]} 1/2-1/2

[Event "Team Championship of Russia (rapid)"]
[Site "Sochi"]
[Date "2015.05.09"]
[Round "8.26"]
[White "Shemeakin, Alexander"]
[Black "Ivanov, Alexander Al."]
[Result "1/2-1/2"]
[LiveChessVersion "1.4.4"]
[BlackElo "2407"]
[WhiteElo "2559"]
[BlackTeam "SHK Rakita"]
[WhiteTeam "Crimea"]

1. d4 d6 {[%clk 0:15:15]} 2. c4 {[%clk 0:15:23]} e5 {[%clk 0:15:23]} 3. d5
{[%clk 0:15:32]} f5 {[%clk 0:15:32]} 4. e4 {[%clk 0:15:40]} Nf6 {[%clk 0:15:39]}
5. Nc3 {[%clk 0:15:48]} g6 {[%clk 0:15:36]} 6. exf5 {[%clk 0:15:13]} Bxf5
{[%clk 0:15:23]} 7. Nge2 {[%clk 0:15:14]} Bg7 {[%clk 0:13:54]} 8. Ng3
{[%clk 0:15:21]} O-O {[%clk 0:14:02]} 9. Be2 {[%clk 0:15:13]} Nbd7
{[%clk 0:14:00]} 10. O-O {[%clk 0:15:11]} h6 {[%clk 0:12:47]} 11. Be3
{[%clk 0:14:57]} Nh7 {[%clk 0:12:05]} 12. Qd2 {[%clk 0:14:42]} g5
{[%clk 0:11:57]} 13. Nxf5 {[%clk 0:14:46]} Rxf5 {[%clk 0:12:07]} 14. Ne4
{[%clk 0:14:06]} Rf7 {[%clk 0:11:34]} 15. Qc2 {[%clk 0:13:34]} Nhf6
{[%clk 0:11:35]} 16. Ng3 {[%clk 0:13:41]} a5 {[%clk 0:10:50]} 17. Bd3
{[%clk 0:13:20]} b6 {[%clk 0:10:23]} 18. Bg6 {[%clk 0:13:15]} Rf8
{[%clk 0:10:31]} 19. f3 {[%clk 0:12:50]} Nc5 {[%clk 0:10:23]} 20. Rae1
{[%clk 0:12:30]} Qd7 {[%clk 0:09:50]} 21. Bf5 {[%clk 0:12:32]} Qe8
{[%clk 0:09:42]} 22. f4 {[%clk 0:11:18]} gxf4 {[%clk 0:09:48]} 23. Bxf4
{[%clk 0:11:25]} exf4 {[%clk 0:08:58]} 24. Rxe8 {[%clk 0:11:27]} Raxe8
{[%clk 0:09:06]} 25. Rxf4 {[%clk 0:09:32]} Re1+ {[%clk 0:09:13]} 26. Rf1
{[%clk 0:09:36]} Rxf1+ {[%clk 0:09:22]} 27. Nxf1 {[%clk 0:09:39]} Ng4
{[%clk 0:07:34]} 28. g3 {[%clk 0:06:10]} Ne5 {[%clk 0:04:59]} 29. Nd2
{[%clk 0:05:43]} Kh8 {[%clk 0:04:39]} 30. g4 {[%clk 0:05:50]} Bf6
{[%clk 0:04:26]} 31. Kg2 {[%clk 0:05:14]} Bg5 {[%clk 0:04:22]} 32. Nf3
{[%clk 0:04:48]} Nxf3 {[%clk 0:04:19]} 33. Kxf3 {[%clk 0:04:56]} Nd7
{[%clk 0:04:26]} 34. Kg3 {[%clk 0:04:55]} Ne5 {[%clk 0:04:35]} 35. h4
{[%clk 0:05:00]} Bf6 {[%clk 0:04:39]} 36. Qc1 {[%clk 0:04:45]} Kg7
{[%clk 0:04:48]} 37. b3 {[%clk 0:04:36]} Be7 {[%clk 0:04:48]} 38. Be4
{[%clk 0:04:07]} Bd8 {[%clk 0:04:39]} 39. a3 {[%clk 0:04:08]} Bf6
{[%clk 0:04:37]} 40. b4 {[%clk 0:03:24]} axb4 {[%clk 0:04:41]} 41. axb4
{[%clk 0:03:33]} Re8 {[%clk 0:03:20]} 42. Bb1 {[%clk 0:03:12]} Nd7
{[%clk 0:02:39]} 43. Qc2 {[%clk 0:03:10]} Nf8 {[%clk 0:02:47]} 44. Qd2
{[%clk 0:02:55]} Re5 {[%clk 0:02:55]} 45. Bf5 {[%clk 0:02:56]} Ng6
{[%clk 0:02:38]} 46. Bxg6 {[%clk 0:02:54]} Kxg6 {[%clk 0:02:47]} 47. Qd3+ Kg7 48.
h5 {[%clk 0:03:00]} Bg5 {[%clk 0:02:44]} 49. Qg6+ {[%clk 0:02:40]} Kf8
{[%clk 0:02:48]} 50. Qh7 {[%clk 0:02:44]} Re3+ {[%clk 0:02:54]} 51. Kf2
{[%clk 0:02:42]} Re7 {[%clk 0:03:01]} 52. Qh8+ {[%clk 0:02:46]} Kf7
{[%clk 0:03:10]} 53. Kf1 {[%clk 0:02:03]} Be3 {[%clk 0:03:14]} 54. Kg2
{[%clk 0:01:52]} Bg5 {[%clk 0:03:23]} 55. Qh7+ {[%clk 0:01:47]} Ke8
{[%clk 0:03:25]} 56. Qf5 {[%clk 0:01:46]} Kd8 {[%clk 0:03:34]} 57. Kf3
{[%clk 0:01:33]} Re3+ {[%clk 0:03:43]} 58. Kf2 {[%clk 0:01:43]} Re7
{[%clk 0:03:52]} 59. Kf1 {[%clk 0:01:25]} Re5 {[%clk 0:03:54]} 60. Qf8+
{[%clk 0:01:33]} Re8 {[%clk 0:04:04]} 61. Qf7 {[%clk 0:01:38]} Re7
{[%clk 0:04:12]} 62. Qg8+ {[%clk 0:01:46]} Re8 {[%clk 0:04:22]} 63. Qg7
{[%clk 0:01:43]} Re4 {[%clk 0:04:18]} 64. c5 {[%clk 0:01:42]} bxc5
{[%clk 0:04:03]} 65. bxc5 {[%clk 0:01:50]} dxc5 {[%clk 0:04:02]} 66. Qf8+
{[%clk 0:01:59]} Re8 {[%clk 0:03:48]} 67. Qxc5 {[%clk 0:02:07]} Re5
{[%clk 0:03:37]} 68. Qc6 {[%clk 0:02:12]} Re7 {[%clk 0:03:42]} 69. Kf2
{[%clk 0:02:03]} Be3+ {[%clk 0:03:42]} 70. Kf3 {[%clk 0:02:12]} Bg5
{[%clk 0:03:52]} 71. Qc5 {[%clk 0:02:13]} Kd7 {[%clk 0:03:59]} 72. Qa3
{[%clk 0:01:52]} Ke8 {[%clk 0:04:00]} 73. Qa4+ {[%clk 0:01:45]} Kd8
{[%clk 0:04:03]} 74. Qc6 {[%clk 0:01:53]} Re3+ {[%clk 0:04:12]} 75. Kg2
{[%clk 0:01:59]} Re2+ {[%clk 0:04:18]} 76. Kf1 {[%clk 0:02:04]} Re7
{[%clk 0:04:27]} 77. Kf2 {[%clk 0:02:13]} Be3+ {[%clk 0:04:36]} 78. Ke2
{[%clk 0:02:17]} Bg5+ {[%clk 0:04:28]} 79. Kd3 {[%clk 0:02:25]} Rf7
{[%clk 0:04:27]} 80. Qe6 {[%clk 0:02:27]} Rf6 {[%clk 0:04:35]} 81. Qg8+
{[%clk 0:02:32]} Kd7 {[%clk 0:04:44]} 82. Kc4 {[%clk 0:02:41]} Rd6
{[%clk 0:04:44]} 83. Kb5 {[%clk 0:02:30]} Rb6+ {[%clk 0:04:49]} 84. Kc5
{[%clk 0:02:35]} Be3+ {[%clk 0:04:56]} 85. Kc4 {[%clk 0:02:44]} Bg5
{[%clk 0:05:05]} 86. Qf7+ {[%clk 0:02:48]} Kd8 {[%clk 0:05:12]} 87. Kd4
{[%clk 0:02:41]} Rd6 {[%clk 0:05:15]} 88. Ke5 {[%clk 0:02:46]} Rb6
{[%clk 0:05:11]} 89. Qg8+ {[%clk 0:01:34]} Kd7 {[%clk 0:05:20]} 90. Qg7+
{[%clk 0:01:43]} Kd8 {[%clk 0:05:28]} 91. Qf8+ {[%clk 0:00:53]} Kd7
{[%clk 0:05:37]} 92. Qf7+ {[%clk 0:00:44]} Kd8 {[%clk 0:05:45]} 1/2-1/2